Teddy bears /
Describes the history and popularity of teddy bears.
Saved in:
| Main Author: | |
|---|---|
| Format: | Book |
| Language: | English |
| Published: |
Minneapolis :
Carolrhoda Books,
c1997.
|
| Series: | Household history.
|
| Subjects: | |
| Tags: |
Add Tag
No Tags, Be the first to tag this record!
|
| LEADER | 00828cam a2200277 a 4500 | ||
|---|---|---|---|
| 001 | 007768065-0 | ||
| 005 | 20020606104010.5 | ||
| 008 | 980420s1997 mnua j b 001|0 eng | ||
| 010 | |a 96045021 | ||
| 020 | |a 1575050196 | ||
| 035 | 0 | |a ocm35701195 | |
| 040 | |a DLC |c DLC | ||
| 042 | |a lcac | ||
| 050 | 0 | 0 | |a NK8740 |b .E75 1997 |
| 082 | 0 | 0 | |a 745.594/43 |2 21 |
| 100 | 1 | |a Erlbach, Arlene. | |
| 245 | 1 | 0 | |a Teddy bears / |c Arlene Erlbach. |
| 260 | |a Minneapolis : |b Carolrhoda Books, |c c1997. | ||
| 300 | |a 48 p. : |b ill. (some col.) ; |c 20 x 22 cm. | ||
| 490 | 1 | |a Household history | |
| 504 | |a Includes bibliographical references (p. 46-47) and index. | ||
| 520 | |a Describes the history and popularity of teddy bears. | ||
| 650 | 0 | |a Teddy bears |v Juvenile literature. | |
| 830 | 0 | |a Household history. | |
| 988 | |a 20020608 | ||
| 906 | |0 DLC | ||


